Effects of trans-polyoctylene rubber (TOR) on the properties of NR/EPDM blends (Record no. 45544)

MARC details
000 -LEADER
fixed length control field 00601nam a2200205Ia 4500
100 ## - MAIN ENTRY--AUTHOR NAME
Personal name Chang Young-Wook
245 #0 - TITLE STATEMENT
Title Effects of trans-polyoctylene rubber (TOR) on the properties of NR/EPDM blends
260 ## - PUBLICATION, DISTRIBUTION, ETC. (IMPRINT)
Name of publisher Journal of Applied Polymer Science
Year of publication 1999
300 ## - PHYSICAL DESCRIPTION
Number of Pages 749-756
650 ## - SUBJECT ADDED ENTRY--TOPICAL TERM
Topical Term Compatibility
650 ## - SUBJECT ADDED ENTRY--TOPICAL TERM
Topical Term NR/EPDM blends
650 ## - SUBJECT ADDED ENTRY--TOPICAL TERM
Topical Term Ozone resistnace
650 ## - SUBJECT ADDED ENTRY--TOPICAL TERM
Topical Term Phase morphology
650 ## - SUBJECT ADDED ENTRY--TOPICAL TERM
Topical Term trans-polyctylene rubber (TOR)
700 ## - ADDED ENTRY--PERSONAL NAME
Personal name Chun Hyunaee
700 ## - ADDED ENTRY--PERSONAL NAME
Personal name Nah Changwoon
700 ## - ADDED ENTRY--PERSONAL NAME
Personal name Shin Young-Shik
942 ## - ADDED ENTRY ELEMENTS (KOHA)
Koha item type Reprints
Holdings
Withdrawn status Lost status Damaged status Not for loan Home library Current library Shelving location Date acquired Serial Enumeration / chronology Accession Number Koha item type
      Reprints RRII Library RRII Library Rubber chemistry 22/12/2021 Volume 73, Issue P01538 Reprints